| 000 | 00857nam a2200325 a 4500 | ||
|---|---|---|---|
| 003 | AR-BaBNM | ||
| 005 | 20251128205246.0 | ||
| 008 | 082120s2002 ||||||||||||||000 | spa|| | ||
| 020 | _a950-9892-01-7 | ||
| 040 | _cAR-BaBNM | ||
| 100 | 1 | _aBratch, Valter | |
| 245 | 0 | 0 | _aEducación física y aprendizaje social |
| 250 | _a1ª ed. | ||
| 260 |
_aCórdoba _bVélez Sarsfield _c1996 |
||
| 300 |
_a147 p. _btablas, diagr. |
||
| 504 | _aBibliografía: p. 139-147 | ||
| 650 | 4 | _aEDUCACION FISICA | |
| 650 | 4 | _aACTIVIDADES FISICAS | |
| 650 | 4 | _aSALUD FISICA | |
| 650 | 4 | _aDEPORTE | |
| 650 | 4 | _aGIMNASIA | |
| 650 | 4 | _aEJERCICIO | |
| 650 | 4 | _aESPARCIMIENTO | |
| 650 | 4 | _aINSTALACIONES DEPORTIVAS | |
| 650 | 4 | _aSOCIALIZACION | |
| 700 | 1 |
_aGonzález, Fernando _etraductor |
|
| 700 | 1 |
_aCena, Marcela _etraductor |
|
| 942 | _cBK | ||
| 998 | _cSILVI | ||
| 999 |
_c10626 _d10626 |
||